[Event "HUN-chT2 Asztalos 1819"]
[Site "Hungary"]
[Date "2019.04.28"]
[Round "9.7"]
[White "Horvath, Jozsef3333"]
[Black "Glavits, Istvan"]
[Result "1/2-1/2"]
[WhiteElo "1880"]
[BlackElo "1737"]
[PlyCount "70"]
[EventDate "2018.10.28"]
[EventType "team-tourn"]
[EventRounds "9"]
[EventCountry "HUN"]
[SourceTitle "EXT 2021"]
[Source "ChessBase"]
[SourceDate "2020.10.23"]
[SourceVersion "1"]
[SourceVersionDate "2020.10.23"]
[SourceQuality "1"]
[WhiteTeam "Marcali"]
[BlackTeam "Szentlorinc"]
[WhiteTeamCountry "HUN"]
[BlackTeamCountry "HUN"]

1. e4 c5 2. Nf3 e6 3. d4 cxd4 4. Nxd4 a6 5. Nc3 Qc7 6. a3 b5 7. Be3 Bb7 8. Bd3 Nf6 9. f3 Bc5 10. Qd2 Qb6 11. Nce2 Nc6 12. c3 e5 13. Nf5 Bxe3 14. Nxe3 0-0 15. g4 Na5 16. Bc2 d5 17. g5 Nh5 18. Nxd5 Bxd5 19. exd5 Nc4 20. Qd3 g6 21. 0-0-0 Ne3 22. Rde1 Nxc2 23. Kxc2 Rfe8 24. Rhf1 a5 25. Ng3 Nf4 26. Qe3 Qd8 27. Qc5 Qxd5 28. Qxd5 Nxd5 29. Ne4 Ra6 30. Rf2 f5 31. gxf6 Nxf6 32. Nc5 Rc6 33. Nd3 e4 34. fxe4 Nxe4 35. Rfe2 Rce6 1/2-1/2